| 000 | 00519cam a22001571 4500 | ||
|---|---|---|---|
| 001 | 8411042 | ||
| 005 | 20260113050040.0 | ||
| 008 | 841017s1957 xx a b 000 0 eng c | ||
| 100 | 1 |
_aNadel, S. F. _q(Siegfried Frederick), _d1903-1956. |
|
| 245 | 1 | 4 |
_aThe theory of social structure. _cWith a memoir by Meyer Fortes. |
| 260 |
_a[Carlton] _bMelbourne University Press _c[1957] |
||
| 300 |
_axvi, 159 p. _billus. _c22 cm. |
||
| 650 | 0 | _aSociology. | |
| 942 |
_2ddc _cBK |
||
| 999 |
_c1238 _d1238 |
||